Webovský portál ako generátor prípadových štúdií
Webovský portál nástrojov, metód a prípadových štúdií kombináciou modularity s informačnými a komunikačnými technológiami umožňuje vytvoriť generátor prípadových štúdií v oblasti manažmentu kvality. Tak môžu vznikať prípadové štúdie rôznej náročnosti, zamerania, nástrojov a aktivít, aby čo najviac v...
Saved in:
| Main Author: | |
|---|---|
| Other Authors: | , |
| Format: | Book Chapter |
| Language: | Slovak |
| Subjects: | |
| Tags: |
No Tags, Be the first to tag this record!
|
MARC
| LEADER | 00000nla$a2200000$$$4500 | ||
|---|---|---|---|
| 001 | 0092403 | ||
| 005 | 20240502072031.2 | ||
| 041 | 0 | |a slo | |
| 044 | |a SK | ||
| 245 | 1 | 0 | |a Webovský portál ako generátor prípadových štúdií |c Martin Mizla, Kristína Zgodavová, Edita Virčíková |
| 520 | |a Webovský portál nástrojov, metód a prípadových štúdií kombináciou modularity s informačnými a komunikačnými technológiami umožňuje vytvoriť generátor prípadových štúdií v oblasti manažmentu kvality. Tak môžu vznikať prípadové štúdie rôznej náročnosti, zamerania, nástrojov a aktivít, aby čo najviac vyhovovali potrebám výučby. | ||
| 610 | 2 | 0 | |a vyučovanie |
| 610 | 2 | 0 | |a internet |
| 610 | 2 | 0 | |a vzdelávanie elektronické |
| 610 | 2 | 0 | |a štúdie prípadové |
| 610 | 2 | 0 | |a riadenie kvality |
| 100 | 1 | |a Mizla, Martin, 1955- | |
| 700 | 1 | |a Zgodavová, Kristína | |
| 700 | 1 | |a Virčíková, Edita | |